和猪头握个手 (Record no. 64892)

000 -LEADER
fixed length control field 00495nam a22001817a 4500
003 - CONTROL NUMBER IDENTIFIER
control field MPLRDC
005 - DATE AND TIME OF LATEST TRANSACTION
control field 20220104192812.0
008 - FIXED-LENGTH DATA ELEMENTS--GENERAL INFORMATION
fixed length control field 210129b ||||| |||| 00| 0 eng d
020 ## - INTERNATIONAL STANDARD BOOK NUMBER
International Standard Book Number 978-967-414-112-7
082 ## - DEWEY DECIMAL CLASSIFICATION NUMBER
Classification number 855 WRQ-46
100 ## - MAIN ENTRY--PERSONAL NAME
Personal name 吴若权
245 ## - TITLE STATEMENT
Title 和猪头握个手
Statement of responsibility, etc.
250 ## - EDITION STATEMENT
Edition statement 初版
260 ## - PUBLICATION, DISTRIBUTION, ETC.
Place of publication, distribution, etc. 马来西亚
Name of publisher, distributor, etc. 海滨出版(马)有限公司 SEASHORE PUBLISHING (M) SDN BHD
Date of publication, distribution, etc. 2013
300 ## - PHYSICAL DESCRIPTION
Other physical details
650 ## - SUBJECT ADDED ENTRY--TOPICAL TERM
Topical term or geographic name entry element 散文;随笔、日记
942 ## - ADDED ENTRY ELEMENTS (KOHA)
Koha item type Book
-- 855 WRQ-46
Holdings
Withdrawn status Lost status Source of classification or shelving scheme Damaged status Not for loan Collection code Home library Current library Shelving location Date acquired Cost, normal purchase price Total Checkouts Full call number Barcode Date last seen Date last checked out Price effective from Koha item type Public note
            Malaysian Public Library, Research and Development Centre Malaysian Public Library, Research and Development Centre   06/10/2013 23.00   855 WRQ-46 00059018 18/03/2021 08/02/2015 18/03/2021 Book mplrdc

© 2022. Malaysian Public Library, Research and Development Centre. All Right ReservedE-mailmplrdc@help.edu.my 

Powered by Koha